<?xml version="1.0" encoding="UTF-8"?>
<record
    xmlns:xsi="http://www.w3.org/2001/XMLSchema-instance"
    xsi:schemaLocation="http://www.loc.gov/MARC21/slim http://www.loc.gov/standards/marcxml/schema/MARC21slim.xsd"
    xmlns="http://www.loc.gov/MARC21/slim">

  <leader>00286pam a2200121a 44500</leader>
  <controlfield tag="008">230405s1900    xxu||||| |||| 00| 0 eng d</controlfield>
  <datafield tag="041" ind1=" " ind2=" ">
    <subfield code="a">ENG</subfield>
  </datafield>
  <datafield tag="100" ind1=" " ind2=" ">
    <subfield code="a">Karan Raj</subfield>
  </datafield>
  <datafield tag="245" ind1=" " ind2=" ">
    <subfield code="a">Dictionary of sociology {Zerox copy}</subfield>
  </datafield>
  <datafield tag="260" ind1=" " ind2=" ">
    <subfield code="a"></subfield>
    <subfield code="b">zerox copy</subfield>
    <subfield code="c">1900</subfield>
  </datafield>
  <datafield tag="300" ind1=" " ind2=" ">
    <subfield code="a">134</subfield>
  </datafield>
  <datafield tag="906" ind1=" " ind2=" ">
    <subfield code="a">10052</subfield>
  </datafield>
  <datafield tag="999" ind1=" " ind2=" ">
    <subfield code="c">300551</subfield>
    <subfield code="d">300551</subfield>
  </datafield>
  <datafield tag="952" ind1=" " ind2=" ">
    <subfield code="0">0</subfield>
    <subfield code="1">0</subfield>
    <subfield code="4">0</subfield>
    <subfield code="7">0</subfield>
    <subfield code="8">C</subfield>
    <subfield code="a">KVK</subfield>
    <subfield code="b">KVK</subfield>
    <subfield code="c">R-18A</subfield>
    <subfield code="d">2011-04-18</subfield>
    <subfield code="e">&#x917;&#x93E;&#x92F;&#x924;&#x94D;&#x930;&#x940; &#x91D;&#x947;&#x930;&#x949;&#x915;&#x94D;&#x938; M.S.E.B &#x92C;&#x93E;&#x91C;&#x942;&#x932;&#x93E; &#x91C;&#x93F;&#x902;&#x924;&#x942;&#x930; &#x930;&#x94B;&#x921;</subfield>
    <subfield code="g">115.00</subfield>
    <subfield code="l">0</subfield>
    <subfield code="p">KVK-XTH00497</subfield>
    <subfield code="r">2023-04-18 00:00:00</subfield>
    <subfield code="w">2023-04-18</subfield>
    <subfield code="y">BK</subfield>
  </datafield>
</record>
